00325nam a2200109Ia 4500008004100000082000900041100002100050245003600071260003600107630003600143730003600179100328s9999 xx 000 0 und d b1223 aAssociation R.D. aReader's Digest Condensed Books bThe Reader's Digest Association aReader's Digest Condensed Books aReader's Digest Condensed Books